| 000 | 00954nas a2200301 4500 | ||
|---|---|---|---|
| 001 | BR2012005432 | ||
| 003 | BR-BrBNA | ||
| 005 | 20231205120926.0 | ||
| 007 | ta | ||
| 008 | 230509b bl.|||p| |||| 00| 00por d | ||
| 040 |
_aBR-BrBNA _bpor _cBiblioteca Nacional de Agricultura |
||
| 041 | _a(Pt) | ||
| 072 | _aF06; F01 | ||
| 100 | 1 | _aPeres, J.G. | |
| 100 | 1 | _aBrugnaro, C. | |
| 100 | 1 | _aSouza, C.F. | |
| 100 | 1 | _aPapini, D.H. | |
| 100 | 1 | _aCruger, F.F. | |
| 100 | 1 | _aRovea, R.J.P. | |
| 245 | 1 | _aAvaliação da produtividade de grãos e do consumo de água de seis cultivares de feijoeiro para plantio de inverno na região de Araras-SP | |
| 650 | _aPHASEOLUS VULGARIS | ||
| 650 | _aFEIJÃO | ||
| 650 | _aRELAÇÃO ÁGUA-PLANTA | ||
| 650 | _aIRRIGAÇÃO POR ASPERSÃO | ||
| 773 | 0 |
_tIrriga (Brazil) _xISSN 1808-3765 _g(Jul-Sep 2010), v. 15(3) p. 335-343 _wBR2012005432 |
|
| 909 |
_a202311 _bLúcia _c55 _dLúcia Elande |
||
| 942 |
_2AGRIS _n0 _cANA |
||
| 999 |
_c221016 _d221016 |
||